00924cam 22002891 4500001000800000005001700008008004100025035002100066906004500087010001700132035001900149040002600168041001100194050002100205082001000226100003000236245006700266250001800333260006200351300003900413651001600452651004200468700002700510985002100537991004900558099002700607741450319980421192716.0771029t19471939xx 000 0 eng  9(DLC) 48000799 a7bcbccoclcrplduencipf19gy-gencatlg a 48000799  a(OCoLC)3377841 aDLCcPCvAdOCoLCdDLC1 aengger00aDT115b.L82 1947 a916.21 aLudwig, Emil,d1881-1948.14aThe Nile;bthe life-story of a river.cTr. by Mary H. Lindsay. a[Reprint ed.] aGarden City, N.Y.,bGarden City Pub. Co.,c[1947, c1937.] axvi, 619 p.bplates, maps.c24 cm. 0aNile River. 0aAfrica, EastxDescription and travel.1 aLindsay, Mary H.,etr. eOCLC REPLACEMENT bc-GenCollhDT115i.L82 1947tCopy 1wOCLCREP aludwig-nile-1072277742